000 00509nam a22001817a 4500
005 20250402160448.0
008 250402b |||||||| |||| 00| 0 eng d
020 _a9789348066268
041 _aeng
082 _a001.954
_bJAD B22485
100 _aJadhav A
_9181937
245 _aIndian Knowledge System:
_bIndia a Synthesis of Traditions and Modernity
260 _aAgra
_bCurrent Publications
_c2024
300 _a632p
500 _aIndian Knowledge System
700 _aSisodia S
_9211833
942 _cBK
999 _c365866
_d365866